Statistics for This Day in United States - July 4th

Click here to take the quiz!

General Stats

  • This quiz has been taken 27 times
  • The average score is 9 of 15

Answer Stats

YearClueAnswer% Correct
1776This declaration is approved.Independence
92%
1886The Government of France offers this statue to the people of the United States.Statue of Liberty
88%
1803The purchase of this big group of states is announced to the American people.Louisiana
85%
1826This president, considered one of the nation's founding fathers, dies in Virginia.Thomas Jefferson
85%
1960This current state becomes a territory of the United States.Hawaii
77%
1826This president, leader of the American revolution dies in MassachusettsJohn Adams
73%
1827The slavery is abolished in this stateNew York
62%
1817In Rome, New York, begins the construction of this canal.Erie Canal
58%
1946This country becomes independent from the United StatesPhilippines
54%
1977The George Jackson Brigade plants a bomb at the main power substation in this state capitolWashington
54%
1995This American painter host of "The Joy of Painting" dies in FloridaBob Ross
46%
1881This institute is opened in Alabama, where a syphilis experiment will be conducted.Tuskegee Institute
42%
1996In Los Angeles, Indian computer scientist Sabir Bhatia launches this web site,
the first free e-mail
Hotmail
27%
1910In Reno, African-American boxer knocks out white supremacist boxer Jim Jeffries.Jack Johnson
12%
2003This singer, with more than 100 million records sold, dies in Los Angeles.Barry White
0%

Score Distribution

Percentile by Number Answered

Percent of People with Each Score

Your Score History

You have not taken this quiz